|
|
|
|
| LEADER |
00000nam a22000007i 4500 |
| 001 |
IT\ICCU\MOD\1711478 |
| 003 |
ItRI |
| 005 |
20260115232158.0 |
| 008 |
200824s2020 it |||||| ||||| |||||c |
| 020 |
|
|
|a 9788893489355
|
| 040 |
|
|
|b ita
|c importazione bologna sebina
|
| 041 |
|
7 |
|a ita
|2 ISO-639-2
|
| 082 |
|
|
|a 843.92
|9 NARRATIVA FRANCESE, 2000-
|2 21
|
| 100 |
1 |
|
|a Heurtier, Annelise
|0 IT\ICCU\RMBV\265070
|4 aut
|
| 240 |
1 |
3 |
|a La fille d'avril
|3 IT\ICCU\MOD\1711479
|9 Heurtier, Annelise
|
| 245 |
1 |
3 |
|a La ragazza con le scarpe di tela /
|c Annelise Heurtier ; traduzione dal francese di Ilaria Piperno.
|
| 260 |
|
|
|a Roma :
|b Gallucci,
|c 2020
|
| 300 |
|
|
|a 209 p. ;
|c 21 cm
|
| 520 |
|
|
|a La storia di Catherine, ragazzina degli anni '60 del Novecento offre uno spaccato sulla condizione femminile di quell'epoca in Francia.
|
| 650 |
|
7 |
|a Donna
|x Emancipazione Francia
|x 1966
|x Narrativa per ragazzi
|
| 650 |
|
7 |
|a Donne adolescenti
|x Francia
|x 1966
|x Narrativa per ragazzi
|
| 700 |
1 |
|
|a Piperno, Ilaria
|0 IT\ICCU\RMLV\065282
|4 trl
|
| 830 |
|
0 |
|a UAO
|0 IT\ICCU\LO1\0892326
|
| 942 |
|
|
|2 ddc
|c BK
|n 0
|
| 952 |
|
|
|0 0
|1 0
|4 0
|6 R_843_920000000000000_HEU
|7 0
|9 21487
|a BO
|b BO
|d 2026-01-15
|i 19321
|l 0
|o R 843.92 HEU
|p BO19321
|r 2026-01-15 23:21:58
|w 2026-01-15
|x [Sebina 5] [1 v.]
|y BK
|z 1 v.
|
| 999 |
|
|
|c 18344
|d 18344
|